ბათუმის შოთა რუსთაველის სახელმწიფო უნივერსიტეტის ბიბლიოთეკა

Курс теоретической механики. Статика и Кинематика (ბიბ.ჩანაწერი № 48044)

000 -LEADER
fixed length control field 00627nam a2200205Ia 4500
001 - CONTROL NUMBER
control field 14924
003 - CONTROL NUMBER IDENTIFIER
control field GE_BSU
008 - FIXED-LENGTH DATA ELEMENTS--GENERAL INFORMATION
fixed length control field 181216s||||||||xx |||||||||||||| ||und||
040 ## - CATALOGING SOURCE
Transcribing agency GE_BSU
080 ## - UNIVERSAL DECIMAL CLASSIFICATION NUMBER
Universal Decimal Classification number 531.1
100 ## - MAIN ENTRY--PERSONAL NAME
Personal name Бутенин,Н.В. Лунц,Л.Я. Меркин,Д.Р.
245 ## - TITLE STATEMENT
Title Курс теоретической механики. Статика и Кинематика
260 ## - PUBLICATION, DISTRIBUTION, ETC.
Place of publication, distribution, etc. Москва
260 ## - PUBLICATION, DISTRIBUTION, ETC.
Name of publisher, distributor, etc. Наука
260 ## - PUBLICATION, DISTRIBUTION, ETC.
Date of publication, distribution, etc. 1970
300 ## - PHYSICAL DESCRIPTION
Extent 240стр.22см.
653 ## - INDEX TERM--UNCONTROLLED
Uncontrolled term Курс теоретической механики
653 ## - INDEX TERM--UNCONTROLLED
Uncontrolled term Статика и Кинематика
942 ## - ADDED ENTRY ELEMENTS (KOHA)
Koha item type წიგნი
ეგზემპლარები
Withdrawn status Lost status Damaged status Not for loan Date acquired Barcode Date last seen Price effective from Koha item type
        2018-12-17 18171 2018-12-17 2018-12-17 წიგნი